<?xml version='1.0' encoding='UTF-8'?>
  <record xmlns="http://www.loc.gov/MARC21/slim">
    <leader>00000cam a22000007i 4500</leader>
    <controlfield tag="001">ocm65910643</controlfield>
    <controlfield tag="003">OCoLC</controlfield>
    <controlfield tag="005">20241202161831.2</controlfield>
    <controlfield tag="008">050604s1599    ne            000 0 dut d</controlfield>
    <datafield tag="040" ind1=" " ind2=" ">
      <subfield code="a">NLGGC</subfield>
      <subfield code="b">dut</subfield>
      <subfield code="e">fobidrtb</subfield>
      <subfield code="c">NLGGC</subfield>
      <subfield code="d">OCLCL</subfield>
      <subfield code="d">OCLCQ</subfield>
    </datafield>
    <datafield tag="029" ind1="0" ind2=" ">
      <subfield code="a">NLGGC</subfield>
      <subfield code="b">277284643</subfield>
    </datafield>
    <datafield tag="035" ind1=" " ind2=" ">
      <subfield code="a">(OCoLC)65910643</subfield>
    </datafield>
    <datafield tag="100" ind1="1" ind2=" ">
      <subfield code="a">Grebner, Paul.</subfield>
    </datafield>
    <datafield tag="245" ind1="1" ind2="4">
      <subfield code="a">Een wonderlijcke nyeuwe prophecye van de Nederlanden, oft seventhien provintien /</subfield>
      <subfield code="c">door ... Paulus Secundus, vercondigende van vele wonderlijcke dinghen die welcke nu in dit jaer 1599. tot opt jaer M. ses hondert en negen, sich toe draghen ende geschieden sullen ; wederomme opt nyeuwe vanden auteur selver gecorr. ende verm. den 6. Julii. Ann. 99 ; hier van nieus by gevoeght, een troostelijke vermaninghe Pauli Secundi Grebneri, toe de Nederlantsche Gemeenten, die noch onder dat Babilonische jock zijn suchtende.</subfield>
    </datafield>
    <datafield tag="250" ind1=" " ind2=" ">
      <subfield code="a">Eerst tot Hamburch gedateerd den 6. Julii, anno 1599.</subfield>
    </datafield>
    <datafield tag="260" ind1=" " ind2=" ">
      <subfield code="a">Gedruckt tot Deventer :</subfield>
      <subfield code="b">by Jan Evertsz. Cloppenburch,</subfield>
      <subfield code="c">1599.</subfield>
    </datafield>
    <datafield tag="300" ind1=" " ind2=" ">
      <subfield code="a">? ;</subfield>
      <subfield code="c">19 cm.</subfield>
    </datafield>
    <datafield tag="336" ind1=" " ind2=" ">
      <subfield code="a">tekst</subfield>
      <subfield code="b">txt</subfield>
      <subfield code="2">rdacontent/dut</subfield>
    </datafield>
    <datafield tag="337" ind1=" " ind2=" ">
      <subfield code="a">zonder medium</subfield>
      <subfield code="b">n</subfield>
      <subfield code="2">rdamedia/dut</subfield>
    </datafield>
    <datafield tag="338" ind1=" " ind2=" ">
      <subfield code="a">band</subfield>
      <subfield code="b">nc</subfield>
      <subfield code="2">rdacarrier/dut</subfield>
    </datafield>
    <datafield tag="510" ind1="0" ind2=" ">
      <subfield code="a">Typographia Batava 4587</subfield>
    </datafield>
    <datafield tag="510" ind1="0" ind2=" ">
      <subfield code="a">Van Someren 224</subfield>
    </datafield>
    <datafield tag="758" ind1=" " ind2=" ">
      <subfield code="a">Een wonderlijcke nyeuwe prophecye van de Nederlanden, oft seventhien provintien (Text)</subfield>
      <subfield code="1">https://id.oclc.org/worldcat/entity/E39PCYpWCWbyMHdPjqR84tmB8y</subfield>
      <subfield code="4">https://id.oclc.org/worldcat/ontology/hasWork</subfield>
    </datafield>
    <datafield tag="776" ind1="0" ind2=" ">
      <subfield code="t">Een wonderlijcke nyeuwe prophecye van de Nederlanden, oft seventhien provintien</subfield>
      <subfield code="w">(NL-LeOCL)426189868</subfield>
    </datafield>
    <datafield tag="936" ind1=" " ind2=" ">
      <subfield code="a">BATCHLOAD</subfield>
    </datafield>
  </record>